| 000 | 00637nam a22001337a 4500 | ||
|---|---|---|---|
| 008 | 110624t xxu||||| |||| 00| 0 eng d | ||
| 010 | _aHCCS F91 | ||
| 245 | _aThe High Court Civil Suit No. MMB 92 From C.S.No. 1/91 of MMC court. David Mushangire Vsb Juma Kashaija | ||
| 260 | _c1992 | ||
| 500 | _aBefore: The Hon. Mr. Justice A.N. Karokora. | ||
| 999 |
_c3954 _d3954 |
||